[Event "TCh-AUT 2 East 2012-13"]
[Site "Austria AUT"]
[Date "2012.11.17"]
[Round "3.4"]
[White "Brod,M"]
[Black "Ernst,M"]
[Result "1-0"]
[WhiteElo "2234"]
[BlackElo "2214"]

1.e4 e6 2.d4 d5 3.Nc3 Bb4 4.e5 b6 5.a3 Bf8 6.Bb5+ c6 7.Ba4 Bd7 8.Nce2 c5
9.Bb3 Bb5 10.c3 Nc6 11.f4 g6 12.Nf3 Nge7 13.Be3 Nf5 14.Bf2 Na5 15.Bc2 Nc4
16.Qc1 Be7 17.g4 Nh4 18.Nxh4 Bxh4 19.Ng3 Rc8 20.a4 Ba6 21.Bd3 Bb7 22.Qc2 f5
23.gxf5 exf5 24.O-O-O O-O 25.dxc5 b5 26.b3 Qa5 27.bxc4 dxc4 28.Be2 Bxh1 29.Rxh1 Rfd8
30.Bd4 Be7 31.Nxf5 Bxc5 32.Rg1 Bxd4 33.Nxd4 b4 34.Rxg6+ hxg6 35.Qxg6+ Kh8
36.Qh6+ Kg8 37.Qg6+ Kh8 38.Ne6 Rd7 39.Qf6+ Kg8 40.Qg6+ Kh8 41.Bxc4 Rg8 42.Qh6+ Rh7
43.Qf6+ Rhg7  1-0

[Event "TCh-CZE Extraliga 2012-13"]
[Site "Czech Republic CZE"]
[Date "2012.12.02"]
[Round "4.8"]
[White "Belaska,P"]
[Black "Adamek,J"]
[Result "1/2-1/2"]
[WhiteElo "2234"]
[BlackElo "2272"]

1.e4 e6 2.d4 d5 3.Nc3 Bb4 4.e5 Ne7 5.a3 Bxc3+ 6.bxc3 b6 7.Qg4 Nf5 8.Bd3 h5
9.Qh3 c5 10.Nf3 c4 11.Be2 Kd7 12.Bg5 Qf8 13.Nh4 Nxh4 14.Qxh4 Nc6 15.O-O  1/2-1/2

[Event "Lleida IM Closed 2012"]
[Site "Lleida ESP"]
[Date "2012.12.08"]
[Round "4.2"]
[White "Gonzalez Perez,A"]
[Black "Gonzalez Rodriguez,JA"]
[Result "0-1"]
[WhiteElo "2491"]
[BlackElo "2372"]

1.e4 e6 2.d4 d5 3.Nc3 Bb4 4.e5 b6 5.a3 Bf8 6.Nf3 c5 7.Bg5 Be7 8.Bxe7 Nxe7
9.Nb5 O-O 10.Bd3 f5 11.exf6 gxf6 12.c4 a6 13.Nc3 cxd4 14.Nxd4 e5 15.Qh5 Rf7
16.Nf5 Nxf5 17.Bxf5 d4 18.Nd5 Bxf5 19.Qxf5 Nd7 20.O-O Rc8 21.f4 Qf8 22.Rae1 Rc6
23.Rf3 Qe8 24.b3 a5 25.Qh5 Rf8 26.Qh6 Rf7 27.Rg3+ Kh8 28.fxe5 Nxe5 29.Rf1 d3
30.Qf4 a4 31.Nb4 Rd6 32.bxa4 Qc8 33.Rd1 Qc5+ 34.Kh1 Rd4 35.Qf5 Qxc4 36.Kg1 d2
37.Qh5 Re4 38.h3 Re1+ 39.Kh2 Qf1  0-1

[Event "4th London Classic Open"]
[Site "London ENG"]
[Date "2012.12.08"]
[Round "8"]
[White "Gregory,P"]
[Black "McDonald,N"]
[Result "0-1"]
[WhiteElo "2071"]
[BlackElo "2454"]

1.e4 e6 2.d4 d5 3.Nc3 Bb4 4.e5 Ne7 5.a3 Bxc3+ 6.bxc3 c5 7.Qg4 O-O 8.Bd3 f5
9.exf6 Rxf6 10.Qh5 h6 11.Nf3 Nbc6 12.Be3 c4 13.Be2 Bd7 14.g4 Qa5 15.Kd2 Raf8
16.g5 Rf5 17.Nh4 Be8 18.Qg4 h5 19.Qh3 g6 20.Nf3 Nc8 21.Qg3 Nb6 22.Rab1 Na4
23.Rxb7 Qxc3+ 24.Kd1 Qa1+ 25.Bc1 Nc3+  0-1

[Event "IX Regina Helena Marques Prol"]
[Site "Santos BRA"]
[Date "2012.12.10"]
[Round "1.1"]
[White "Campelo,L"]
[Black "Roselli Mailhe,B"]
[Result "0-1"]
[WhiteElo "2247"]
[BlackElo "2443"]

1.e4 e6 2.d4 d5 3.Nc3 Bb4 4.e5 b6 5.a3 Bxc3+ 6.bxc3 Ne7 7.Qg4 Ng6 8.h4 h5
9.Qd1 Qd7 10.a4 Ba6 11.Bxa6 Nxa6 12.Ne2 Qc6 13.a5 Qc4 14.Bg5 Nb8 15.axb6 cxb6
16.Qd3 Qxd3 17.cxd3 Nc6 18.O-O Kd7 19.Rfb1 Raf8 20.c4 f6 21.Nf4 Nge7 22.exf6 gxf6
23.Re1 fxg5 24.Nxe6 Rf6 25.Nxg5 a5 26.Reb1 Nxd4 27.c5 Nc2 28.Ra4 Nb4 29.cxb6 Nec6
30.d4 Rb8 31.Nf3 Rxb6 32.Ne5+ Nxe5 33.dxe5 Rf5 34.Rxa5 Rxe5 35.Ra7+ Kc6 36.Rh7 Kc5
37.f4 Re4 38.g3 Re3 39.Kh2 Re2+ 40.Kh3 Nd3 41.Rxb6 Nf2+ 42.Kg2 Kxb6 43.Kf3 Ra2
44.Rxh5 Kc5 45.g4 Ne4 46.g5 Kd4 47.f5 Rf2+ 48.Kg4 Ke3 49.Rh8 Rf4+ 50.Kh5 Rxf5
51.Kg6 Re5 52.Kf7 Nxg5+ 53.hxg5 Rxg5 54.Kf6 Rg3 55.Kf5 Rf3+ 56.Ke5 d4 57.Re8 Kd2
58.Rd8 d3 59.Ke4 Rg3 60.Rh8 Rg4+ 61.Kf5 Rc4 62.Re8 Kd1  0-1

[Event "4th Penang Heritage City Open"]
[Site "Penang MAS"]
[Date "2012.12.13"]
[Round "5.15"]
[White "Tan Weiliang"]
[Black "Masruri,R"]
[Result "0-1"]
[WhiteElo "2214"]
[BlackElo "2123"]

1.e4 e6 2.d4 d5 3.Nc3 Bb4 4.e5 b6 5.Bd2 Qd7 6.a3 Bf8 7.Nf3 Ba6 8.Bxa6 Nxa6
9.h4 c5 10.Ne2 Ne7 11.c3 c4 12.h5 h6 13.g4 Nb8 14.Ng3 Nbc6 15.g5 O-O-O 16.Nh2 hxg5
17.Bxg5 Re8 18.Ng4 Nf5 19.Nxf5 exf5 20.Ne3 f6 21.exf6 gxf6 22.Bxf6 Rh7 23.Qf3 f4
24.Qxf4 Bh6 25.Qg3 Qe6 26.Qh3 Kb7 27.Qxe6 Rxe6 28.Bh4 Bxe3 29.fxe3 Rxh5 30.Kf2 Reh6
31.Kg3 Ne7 32.Bxe7 Rxh1 33.Rxh1 Rxh1 34.a4 Ra1 35.Ba3 Kc6 36.Kf3 Rf1+ 37.Ke2 Rf5
38.Kd2 Rf2+ 39.Ke1 Rh2 40.Kd1 Kd7 41.Kc1 Re2 42.Kb1 Rxe3 43.Ka2 Ke6 44.Bb4 Kf5
45.Bd6 Ke4 46.Bb8 a6 47.Bc7 b5 48.Bb6 Kd3 49.a5 Kc2 50.Bc5 Re1 51.Bb4 Rb1
52.Ba3 Kc1 53.b3+ Kc2 54.bxc4 bxc4 55.Bb4 Rb3 56.Ka1 Rxc3  0-1

[Event "IX Regina Helena Marques Prol"]
[Site "Santos BRA"]
[Date "2012.12.14"]
[Round "7.5"]
[White "Molina,Rob"]
[Black "Gallo Ponce,E"]
[Result "0-1"]
[WhiteElo "2418"]
[BlackElo "2248"]

1.e4 e6 2.d4 d5 3.Nc3 Bb4 4.e5 b6 5.a3 Bxc3+ 6.bxc3 Qd7 7.a4 Ba6 8.Bxa6 Nxa6
9.Qd3 Nb8 10.a5 Nc6 11.axb6 cxb6 12.Ne2 Na5 13.O-O Ne7 14.h4 h5 15.Ng3 g6
16.Bg5 Rc8 17.Bf6 Rg8 18.Rfb1 Nc4 19.Ne2 Qc7 20.f3 Kd7 21.Kf2 a5 22.g4 Kc6
23.Ng3 Ra8 24.Ne4 Nc8 25.Ng3 Ne7 26.gxh5 gxh5 27.Nxh5 Nf5 28.Nf4 Qc8 29.h5 Kb7
30.Rh1 Nb2 31.Qd2 Nc4 32.Qc1 Qf8 33.h6 Nxh6 34.Nxd5 Nf5 35.Nf4 Nfe3 36.Rh7 Ka6
37.Qb1 Rc8 38.Qa2 Qe8 39.Rah1 Qd7 40.R7h4 Qc6 41.R4h2 Ng4+ 42.fxg4 Qe4 43.Ng2 Rxg4
44.Re1 Qf5+ 45.Kg1 Nd2 46.Kh1 Rcg8 47.Rg1 Rxg2 48.Rhxg2 Qh3+ 49.Rh2 Rxg1+  0-1

[Event "19th Zadar Open A"]
[Site "Zadar CRO"]
[Date "2012.12.16"]
[Round "1.12"]
[White "Ciganovic,N"]
[Black "Martinovic,Sa"]
[Result "0-1"]
[WhiteElo "2303"]
[BlackElo "2530"]

1.e4 e6 2.d4 d5 3.Nc3 Bb4 4.e5 b6 5.a3 Bxc3+ 6.bxc3 Qd7 7.a4 Ba6 8.Bxa6 Nxa6
9.Qd3 Nb8 10.Nf3 Nc6 11.O-O Nge7 12.Ba3 h6 13.Nd2 O-O 14.c4 dxc4 15.Nxc4 Rfd8
16.Bxe7 Nxe7 17.Rfd1 Nd5 18.Ne3 Nf4 19.Qf1 Qc6 20.g3 Nd5 21.Nxd5 Rxd5 22.c4 Rd7
23.Qd3 Rad8 24.Qc3 Qe4 25.d5 exd5 26.cxd5 Rxd5 27.Re1 Rc5 28.Qxc5 Qxe1+ 29.Rxe1 bxc5
30.Rb1 c4 31.Rb5 Rd1+ 32.Kg2 Ra1 33.a5 Kf8 34.Rc5 Ke8 35.Rxc4 Kd7 36.Rc5 c6
37.h3 Rb1 38.Kf3 Rb5 39.Rxb5 cxb5 40.Ke4 Kc6 41.f4 Kc5 42.f5 b4 43.e6 fxe6
44.fxe6 Kd6 45.Kd4 Kxe6 46.Kc4 b3 47.Kxb3 Kd5 48.Kb4 a6 49.g4 g5  0-1

[Event "11th IM Int"]
[Site "Sao Jose do Rio Preto BRA"]
[Date "2012.12.20"]
[Round "5.5"]
[White "Della Morte,G"]
[Black "Gallo Ponce,E"]
[Result "1-0"]
[WhiteElo "2325"]
[BlackElo "2248"]

1.e4 e6 2.d4 d5 3.Nc3 Bb4 4.e5 b6 5.Qg4 Bf8 6.Bg5 Qd7 7.Nf3 Nc6 8.a3 Bb7
9.Bd3 h6 10.Bd2 Nge7 11.O-O O-O-O 12.Ne2 Kb8 13.Nf4 g6 14.Rfe1 Nf5 15.c3 h5
16.Qh3 Be7 17.Ne2 Na5 18.Rad1 Nc4 19.Bc1 Bc6 20.Bc2 Rdf8 21.b3 Na5 22.Ng5 Bb5
23.Ng3 Qd8 24.f4 Ba6 25.Nh1 c5 26.dxc5 bxc5 27.c4 Nd4 28.Qc3 Nxc2 29.Qxc2 d4
30.Nf2 Qb6 31.Bd2 Ka8 32.Rb1 Bxg5 33.fxg5 Rb8 34.Nd3 Rhc8 35.Bxa5 Qxa5 36.b4 cxb4
37.axb4 Qd8 38.c5 Qd5 39.Nf2 Bb7 40.Ne4 d3 41.Qc3 Bc6 42.Rb2 Ba4 43.Nd6 Rc7
44.Ra1 Bc2 45.Rba2 Bb3 46.Ra3 d2 47.Qxb3 Qd4+ 48.Kf1 Rxb4 49.Qf3+ Kb8 50.Rd1 Rxc5
51.Qxf7 Rxe5 52.Qe8+ Kc7 53.Qe7+ Kc6 54.Ra6+ Rb6 55.Rxb6+ axb6 56.Qe8+ Kxd6
57.Qd8+ Kc5 58.Qc7+ Kd5 59.Rxd2 Rf5+ 60.Ke1 Re5+ 61.Kd1 Qxd2+ 62.Kxd2 Ke4
63.h4  1-0

[Event "XXIII Krakow Open"]
[Site "Krakow POL"]
[Date "2012.12.27"]
[Round "1.18"]
[White "Nowicki,B"]
[Black "Strzemiecki,Z"]
[Result "0-1"]
[WhiteElo "2142"]
[BlackElo "2434"]

1.e4 e6 2.d4 d5 3.Nc3 Bb4 4.e5 Ne7 5.a3 Bxc3+ 6.bxc3 c5 7.h4 Nbc6 8.h5 Qa5
9.Bd2 Bd7 10.h6 gxh6 11.Nf3 O-O-O 12.Rxh6 Ng8 13.Rh4 f6 14.Bd3 fxe5 15.Nxe5 Nxe5
16.dxe5 Ne7 17.Qg4 Rhg8 18.Qh3 Ng6 19.Bxg6 Rxg6 20.Rxh7 Qa4 21.Rh4 Qxc2 22.Rc1 Qb2
23.Rh8 Rgg8 24.Rxg8 Rxg8 25.g4 Qxa3 26.g5 Qa4 27.c4 d4 28.Qh7 Re8 29.g6 Qc6
30.g7 Qg2 31.Rb1 Bc6 32.Rb3 Be4 33.Qh8 Qg1+ 34.Ke2 d3+ 35.Ke3 Qg5+ 36.Kxe4 Qf5+
37.Ke3 Qxe5+ 38.Kxd3 Rxh8  0-1

[Event "5th Marseille Open"]
[Site "Marseille FRA"]
[Date "2012.12.27"]
[Round "4.53"]
[White "Gaubil,Arthur"]
[Black "Roche,A"]
[Result "1-0"]
[WhiteElo "1449"]
[BlackElo "1431"]

1.e4 e6 2.d4 d5 3.Nc3 Bb4 4.e5 Ne7 5.Bd2 Bxc3 6.Bxc3 Nbc6 7.f4 Nf5 8.Nf3 a6
9.Qd2 h5 10.Bd3 Nh4 11.Rf1 Bd7 12.g3 Nxf3+ 13.Rxf3 Qe7 14.O-O-O b5 15.Ba5 Rc8
16.Be2 b4 17.Bxa6 Nxa5 18.Bxc8 Bxc8 19.Qe2 Bd7 20.Qa6 Nc6 21.Qb7 Qd8 22.c3 O-O
23.cxb4 Qe7 24.a3 Nb8 25.Rc3 c6 26.a4 f6 27.a5 fxe5 28.dxe5 Na6 29.Qxa6 Qxb4
30.Qb6 Qe4 31.a6 c5 32.Qxc5 Rc8 33.Qb6 Rxc3+ 34.bxc3 Qa4 35.Kd2 d4 36.Qxd4 Qc6
37.Ke3  1-0

[Event "Pan-Am Intercollegiate 2012"]
[Site "Princeton USA"]
[Date "2012.12.28"]
[Round "2"]
[White "Low,Sc"]
[Black "Holt,C"]
[Result "0-1"]
[WhiteElo "2187"]
[BlackElo "2494"]

1.e4 e6 2.d4 d5 3.Nc3 Bb4 4.e5 Ne7 5.Bd2 c5 6.Nb5 Bxd2+ 7.Qxd2 O-O 8.f4 Bd7
9.Nd6 Qb6 10.c3 cxd4 11.cxd4 Nbc6 12.Nf3 Nc8 13.Nxc8 Raxc8 14.Bd3 h6 15.Rd1 a5
16.Bb1 a4 17.O-O Na5 18.Rf2 Nc4 19.Qd3 g6 20.b3 axb3 21.axb3 Na5 22.Bc2 Qb4
23.Rb1 Bb5 24.Qd2 Qxd2 25.Rxd2 Rc3 26.Kf2 Rfc8 27.Rb2 Nc6 28.Bd1 Nb4 29.Be2 Bd3
30.Ne1 Be4 31.Bf3 Bxf3 32.gxf3 Ra8 33.Ke2 Ra3 34.Nc2 Nxc2 35.Rdxc2 Raxb3
36.Rxb3 Rxb3 37.Rc8+ Kg7 38.h4 Rb2+ 39.Ke3 h5 40.Rd8 b5 41.Rb8 b4 42.Kd3 b3
43.Ke3 Rb1 44.Kf2 b2 45.Kg2 Kh7 46.Rb3 Kg8 47.Rb8+ Kg7 48.Rb3 Kf8 49.Rb7 Ke8
50.Rb3 Kd7 51.Rb7+ Kc6 52.Rb3 Rd1 53.Rxb2 Rxd4 54.Kg3 Ra4 55.Rc2+ Rc4 56.Ra2 Rb4
57.Ra7 Rb7 58.Ra2 Kc5 59.Kf2 Rb4 60.Ke3 Rb3+ 61.Kf2 Kd4 62.Ra7 Rb2+ 63.Kg3 Ke3
64.Rxf7 Rf2 65.Rf6 Rxf3+ 66.Kg2 Rxf4 67.Rxe6 Rg4+ 68.Kf1 d4 69.Rd6 d3 70.e6 d2
71.e7 Rf4+ 72.Kg2 Re4 73.Rd7 Ke2 74.Kg3 d1=Q 75.Rxd1 Kxd1 76.e8=Q Rxe8  0-1

[Event "25th Staufer Open"]
[Site "Schwaebisch Gmuend GER"]
[Date "2013.01.03"]
[Round "4.6"]
[White "Krivoborodov,E"]
[Black "Sohlmann,Jan-Henning"]
[Result "1-0"]
[WhiteElo "2513"]
[BlackElo "2253"]

1.e4 e6 2.d4 d5 3.Nc3 Bb4 4.e5 Ne7 5.a3 Bxc3+ 6.bxc3 c5 7.Qg4 O-O 8.Bd3 f5
9.exf6 Rxf6 10.Bg5 Rf7 11.Qh5 g6 12.Qd1 Qa5 13.Qd2 c4 14.Be2 Nf5 15.Bf4 Nc6
16.Nh3 Bd7 17.O-O Qd8 18.Bg4 Qf8 19.Ng5 Rf6 20.Be5 Nxe5 21.dxe5 Rf7 22.Nxf7 Qxf7
23.Bxf5 Qxf5 24.f4 Rf8 25.Rf2 Bc6 26.Qd4 a6 27.h3 h5 28.Kh2 h4 29.Rg1 Kg7
30.g4 hxg3+ 31.Rxg3 Rh8 32.Qe3 Rh5 33.Rg5 Rxg5 34.fxg5 Qe4 35.Qxe4 dxe4 36.Kg3  1-0

[Event "18th Bosnjaci Open"]
[Site "Bosnjaci CRO"]
[Date "2013.01.08"]
[Round "8.17"]
[White "Vincze,Rob"]
[Black "Petrusic,T"]
[Result "1-0"]
[WhiteElo "2102"]
[BlackElo "2261"]

1.e4 e6 2.d4 d5 3.Nc3 Bb4 4.e5 Ne7 5.Nf3 c5 6.dxc5 Nbc6 7.Bd3 Ng6 8.Qe2 Qc7
9.O-O Bxc3 10.bxc3 Ncxe5 11.Nxe5 Qxe5 12.Bb5+ Kf8 13.Qf3 Qc7 14.Rd1 a6 15.Ba4 f6
16.c4 dxc4 17.Rb1 Kf7 18.Rd7+ Bxd7 19.Rxb7 Rac8 20.Bxd7 Ne5 21.Bxe6+ Kxe6
22.Qh3+ Kf7 23.Rxc7+ Rxc7 24.Ba3 g5 25.Qf5 h6 26.h4 a5 27.g3 Rg8 28.h5 Rd7
29.Bb2 Re8 30.c6 Rd1+ 31.Kg2 Rd6 32.c7 Nd7 33.Qg6+  1-0

[Event "TCh-AUT 2012-13"]
[Site "Graz AUT"]
[Date "2013.01.17"]
[Round "4.3"]
[White "Mihok,O"]
[Black "Dizdar,G"]
[Result "0-1"]
[WhiteElo "2451"]
[BlackElo "2499"]

1.e4 e6 2.d4 d5 3.Nc3 Bb4 4.e5 b6 5.a3 Bxc3+ 6.bxc3 Qd7 7.Qg4 f5 8.Qg3 Ba6
9.Bxa6 Nxa6 10.Ne2 Kf7 11.Nf4 Ne7 12.h4 Ng6 13.Nh3 h6 14.h5 Ne7 15.a4 c5
16.O-O Rhc8 17.Ba3 Kg8 18.Qd3 Nb8 19.dxc5 bxc5 20.c4 Nbc6 21.Rfe1 Nb4 22.Qb3 d4
23.Nf4 Rab8 24.Bxb4 Rxb4 25.Qa2 Rbb8 26.Qa3 Nc6 27.Qxc5 Nb4 28.Qd6 Qxd6 29.exd6 Nxc2
30.Nxe6 Nxa1 31.d7 Nc2 32.dxc8=Q+ Rxc8 33.Rc1 d3 34.Rd1 Nb4 35.c5 Kf7 36.Nf4 Rxc5
37.Nxd3 Rd5 38.Nb2 Rxd1+ 39.Nxd1 Ke6 40.Kf1 Ke5 41.Ne3 Nd3 42.g3 f4 43.Nc2 Ke4
44.gxf4 Nxf4 45.Nb4 Ne6 46.Nc6 a6 47.Kg2 Kf4 48.a5 Kg4 49.Nb4 Nc5 50.Kh2 Kxh5
51.Kh3 Kg5 52.Kg3 Kf5 53.Kf3 Ke5 54.Ke3 g5 55.Kf3 h5 56.Kg3 Kd4 57.Nc6+ Kc4
58.f4 g4 59.Kh4 Kd5 60.Ne7+ Ke6 61.Nc6 Kf5 62.Kxh5 g3 63.Kh4 g2 64.Nd4+ Kxf4
65.Kh3 Ke3 66.Nc2+ Kf2  0-1

[Event "5th Chennai Open 2013"]
[Site "Chennai IND"]
[Date "2013.01.18"]
[Round "2"]
[White "Michelle Catherina,P"]
[Black "Shyam,N"]
[Result "0-1"]
[WhiteElo "2084"]
[BlackElo "2411"]

1.e4 e6 2.d4 d5 3.Nc3 Bb4 4.e5 b6 5.a3 Bxc3+ 6.bxc3 Qd7 7.a4 Ba6 8.Ne2 Nc6
9.g3 f6 10.f4 Na5 11.Bh3 f5 12.Kf2 Bb7 13.Ng1 g6 14.g4 O-O-O 15.gxf5 gxf5
16.Nf3 Bc6 17.Rg1 Ne7 18.Ng5 Rdg8 19.Rg3 h6 20.Nf3 Bxa4 21.Nh4 Nc4 22.Bf1 a5
23.Bd3 Qe8 24.Qf3 Bc6 25.Qe2 Kb7 26.Be3 Nxe3 27.Kxe3 a4 28.Kd2 Ng6 29.Nxg6 Rxg6
30.Rag1 Rhg8 31.Kc1 Rxg3 32.Rxg3 Rxg3 33.hxg3 Qa8 34.Kb2 Qa5 35.Qe1 Bb5 36.Bxb5 Qxb5+
37.Ka3 h5 38.Qd1 Qc4 39.Qe1 Ka6 40.Qd2 c5 41.Qe1 cxd4  0-1

[Event "5th Chennai Open 2013"]
[Site "Chennai IND"]
[Date "2013.01.19"]
[Round "7"]
[White "Ritviz,P"]
[Black "Shivananda,B"]
[Result "0-1"]
[WhiteElo "2085"]
[BlackElo "2384"]

1.e4 e6 2.d4 d5 3.Nc3 Bb4 4.e5 Ne7 5.Nf3 c5 6.Bd2 cxd4 7.Nb5 Bxd2+ 8.Qxd2 O-O
9.Bd3 Nbc6 10.O-O f6 11.Qe2 Qb6 12.Rfd1 f5 13.Ng5 h6 14.Nh3 Bd7 15.f4 Nxe5
16.Qxe5 Bxb5 17.Bxb5 d3+ 18.Nf2 Ng6 19.Qe1 dxc2 20.Rd2 Qxb5 21.Qxe6+ Kh7
22.Rxc2 Nxf4 23.Qd6 Ne2+ 24.Kh1 Rad8 25.Qa3 Nd4 26.Rd2 Nc6 27.Rad1 d4 28.Nh3 Rfe8
29.Nf4 Re3 30.Rd3 Rde8 31.h3 Re1+ 32.Kh2 Qe5 33.g3 Qe4 34.Rxe1 Qxe1 35.Qb3 Qf2+
36.Ng2 Re2 37.Qd5 Nb4  0-1

[Event "Marianske Lazne Open 2013"]
[Site "Marianske Lazne CZE"]
[Date "2013.01.20"]
[Round "2.3"]
[White "Pliev,V"]
[Black "Burdalev,K"]
[Result "0-1"]
[WhiteElo "2038"]
[BlackElo "2340"]

1.e4 e6 2.d4 d5 3.Nc3 Bb4 4.e5 Ne7 5.a3 Bxc3+ 6.bxc3 c5 7.Nf3 b6 8.Bd3 Ba6
9.O-O Qc7 10.a4 Bxd3 11.Qxd3 Nd7 12.Bd2 Rc8 13.Ra2 cxd4 14.cxd4 Qc4 15.Qxc4 Rxc4
16.c3 Nc6 17.Rb1 O-O 18.Ne1 Na5 19.Nc2 Rfc8 20.Ne3 R4c7 21.f4 Nc4 22.Nxc4 Rxc4
23.a5 R8c7 24.Rb5 h5 25.h3 Kh7 26.f5 Rb7 27.axb6 Nxb6 28.g4 hxg4 29.hxg4 Rcc7
30.Rab2 Rc6 31.Ra2 Rbc7 32.Be1 exf5 33.gxf5 Rh6 34.Rba5 Rh5 35.Rh2 Rxh2 36.Kxh2 g6
37.f6 g5 38.Kg3 Kg6 39.Kg4 Nc4 40.Ra6 Rb7 41.Bg3 Ne3+ 42.Kf3 Nd1 43.Be1 Kf5
44.Ra5 Rb2 45.Ra1 g4+ 46.Kg3 Ne3 47.Bf2 Nc4 48.Rh1 a5 49.Rh5+ Ke6 50.Rh8 a4
51.Ra8 a3 52.Ra7 Kf5 53.Rxf7 Nd2 54.Ra7 Ne4+ 55.Kg2 Rxf2+ 56.Kg1 g3 57.f7 Kg6
58.Rxa3 Rxf7 59.c4 Nd2 60.e6 Rf1+  0-1

[Event "TCh-LTU 2013"]
[Site "Vilnius LTU"]
[Date "2013.01.20"]
[Round "1.5"]
[White "Zaksaite,S"]
[Black "Novikov,Vit"]
[Result "0-1"]
[WhiteElo "2162"]
[BlackElo "2322"]

1.e4 e6 2.d4 d5 3.Nc3 Bb4 4.e5 Qd7 5.Bd2 b6 6.Nf3 Ne7 7.Bb5 c6 8.Bd3 Ba6
9.Qe2 Bxd3 10.Qxd3 Bxc3 11.Bxc3 c5 12.Bd2 cxd4 13.Nxd4 Nbc6 14.Nxc6 Nxc6
15.f4 O-O 16.O-O Rac8 17.Rae1 Ne7 18.b3 Qc7 19.c3 Qc6 20.Rf3 b5 21.Rh3 g6
22.g4 d4 23.cxd4 Rfd8 24.Rc1 Qd7 25.Rxc8 Nxc8 26.Bc3 Ne7 27.Rf3 Rc8 28.Bb4 Rc1+
29.Rf1 Rxf1+ 30.Kxf1 Nd5 31.Bd2 a6 32.Kf2 f5 33.h3 Qc6 34.Kg3 Kf7 35.Qb1 b4
36.Qc1 Qxc1 37.Bxc1 Nc3 38.Kf3 Nxa2 39.Bd2 Ke7 40.Ke3 Kd7 41.Kd3 fxg4 42.hxg4 h5
43.gxh5 gxh5 44.d5 Nc3 45.d6 h4 46.Ke3 h3 47.Kf3 a5 48.Be1 Ne2 49.Bf2 a4
50.bxa4 b3 51.a5 b2  0-1

[Event "5th Chennai Open 2013"]
[Site "Chennai IND"]
[Date "2013.01.22"]
[Round "10"]
[White "Prasannaa,S"]
[Black "Praveen Kumar,C1"]
[Result "0-1"]
[WhiteElo "2113"]
[BlackElo "2305"]

1.e4 e6 2.d4 d5 3.Nc3 Bb4 4.e5 b6 5.a3 Bxc3+ 6.bxc3 Ne7 7.h4 Ba6 8.Bd3 Qd7
9.a4 Bxd3 10.cxd3 Nbc6 11.h5 h6 12.Qg4 Nf5 13.Qf4 O-O-O 14.Ba3 g5 15.Qd2 f6
16.g4 Nh4 17.f4 fxe5 18.fxg5 hxg5 19.Qxg5 Ng2+ 20.Kf2 Rhg8 21.Qf6 Rxg4 22.Ne2 Nf4
23.h6 Qh7 24.dxe5 Rg2+ 25.Kf1 Qxd3  0-1

[Event "18th HIT Open A 2013"]
[Site "Nova Gorica SLO"]
[Date "2013.01.25"]
[Round "1.2"]
[White "Belardinelli,F"]
[Black "Tratar,M"]
[Result "0-1"]
[WhiteElo "1905"]
[BlackElo "2517"]

1.e4 e6 2.d4 d5 3.Nc3 Bb4 4.e5 b6 5.Qg4 Bf8 6.Bd3 Ba6 7.Nb5 Qd7 8.a4 Ne7
9.Nf3 Nc8 10.Bf4 c6 11.Nd6+ Nxd6 12.Bxa6 h5 13.Qh3 Nxa6 14.exd6 Bxd6 15.Bxd6 Qxd6
16.O-O f6 17.Rfe1 Kd7 18.Re2 g5 19.Nd2 Nc7 20.Rae1 a5 21.c4 Rae8 22.Qf3 Qf4
23.Qd3 Qf5 24.Qb3 Rb8 25.Qc3 Rhc8 26.Nb3 dxc4 27.Qxc4 h4 28.Re3 Nd5 29.Rxe6 Qxe6
30.Rxe6 Kxe6 31.Nd2 Kd7 32.Kf1 Re8 33.Qd3 Re7 34.h3 Rbe8 35.Nf3 Kc7 36.Qa6 Kb8
37.g3 hxg3 38.fxg3 Re3 39.Kf2 Rb3 40.Qc4 Rxb2+ 41.Kg1 Kb7 42.Qd3 Re7 43.Qa3 Ree2
44.Qd6 Rb1+  0-1

[Event "TCh-HUN 2012-13"]
[Site "Szombathely HUN"]
[Date "2013.01.27"]
[Round "6"]
[White "Ruck,T"]
[Black "Dudas,E"]
[Result "1/2-1/2"]
[WhiteElo "2296"]
[BlackElo "2253"]

1.e4 e6 2.d4 d5 3.Nc3 Bb4 4.e5 Ne7 5.Bd2 b6 6.Qg4 Ng6 7.h4 h5 8.Qg3 Ba6 9.Bxa6 Nxa6
10.Qd3 Bxc3 11.bxc3 Nb8 12.Nf3 Nc6 13.g3 Na5 14.O-O Qd7 15.Bg5 Nc4 16.Kg2 Rc8
17.Rh1  1/2-1/2

[Event "Asian Zone 3.3"]
[Site "Tagaytay City PHI"]
[Date "2013.01.28"]
[Round "8.12"]
[White "Bersamina,Paulo"]
[Black "Nadera,B"]
[Result "0-1"]
[WhiteElo "2206"]
[BlackElo "2392"]

1.e4 e6 2.d4 d5 3.Nc3 Bb4 4.e5 b6 5.Qg4 Bf8 6.Bg5 Qd7 7.Nf3 h6 8.Bd2 Ne7
9.Be2 Ba6 10.Nh4 c5 11.dxc5 bxc5 12.f4 h5 13.Qh3 g6 14.O-O Bxe2 15.Nxe2 Qb5
16.Nc3 Qb7 17.b3 Nd7 18.Qd3 a6 19.Na4 Nf5 20.Nxf5 gxf5 21.c4 d4 22.Qf3 Rb8
23.Qxb7 Rxb7 24.Nb2 Be7 25.Ba5 Rg8 26.Nd3 f6 27.Rae1 fxe5 28.fxe5 h4 29.Bd2 Nb8
30.Re2 Nc6 31.Rb1 Kf7 32.Be1 a5 33.h3 Ra8 34.Reb2 Nb4 35.Bxb4 axb4 36.Rf1 Rba7
37.Rff2 Ra5 38.Kh2 Bg5 39.g4 Be3 40.Rfe2 Kg6 41.Kg2 fxg4 42.hxg4 Kg5 43.Kf3 Rf8+
44.Ke4 h3 45.Rh2 Kxg4 46.Rh1 Kg3 47.Re2 Rh8 48.Ne1 Rh4+ 49.Kd3 Bf2 50.Nf3 Kxf3
51.Rf1 Kg3 52.Rfxf2 Rf4 53.Rxf4 Kxf4 54.Rf2+ Kg3 55.Rf6 h2 56.Rg6+ Kf2 57.Rh6 Kg1
58.Rg6+ Kf1 59.Rf6+ Ke1 60.Rh6 Rxa2 61.Rh4 Rd2+ 62.Ke4 Re2+ 63.Kd3 Kd1  0-1

[Event "Imperial College Open"]
[Site "London ENG"]
[Date "2013.02.02"]
[Round "2"]
[White "Prior,Stephen C V"]
[Black "Madan,A"]
[Result "0-1"]
[WhiteElo "2000"]
[BlackElo "2299"]

1.e4 e6 2.d4 d5 3.Nc3 Bb4 4.e5 b6 5.Bd2 Ba6 6.Bxa6 Nxa6 7.Qe2 Bxc3 8.Bxc3 Nb8
9.Qg4 g6 10.Bd2 c5 11.Nf3 Nc6 12.O-O h5 13.Qf4 cxd4 14.Nxd4 Nxd4 15.Qxd4 Rc8
16.Rac1 Ne7 17.Bg5 Nf5 18.Qd2 Qc7 19.Bf6 Rg8 20.c3 b5 21.Rfd1 g5 22.b3 g4
23.c4 bxc4 24.bxc4 d4 25.Qb4 h4 26.Rb1 Rg6 27.Qb7 h3 28.g3 a5 29.Qxc7 Rxc7
30.Rb5 Kd7 31.Rxa5 Rg8 32.f3 gxf3 33.Kf2 Rxc4 34.Kxf3 Rb8 35.Rd2 Rc3+ 36.Kg4 Ne3+
37.Kxh3 d3 38.Ra4 Nc4 39.Rxc4 Rxc4 40.Rxd3+ Kc6 41.Rd2 Ra8 42.Kg2 Ra3 43.Be7 Rac3
44.Bg5 Rc2 45.Rxc2 Rxc2+ 46.Kh3 Kd5 47.Bf6 Ke4 48.a4 Kf5 49.Bh8 Ra2 50.a5 Rxa5
51.Bf6 Ra2 52.Bh8 Ke4 53.Bf6 Kf3 54.Be7 Ra4 55.Bg5 Rg4 56.Bf6 Rg6 57.Kh4 Kg2
58.g4 Kxh2 59.g5 Kg2 60.Kg4 Rg8 61.Be7 Kf2 62.Kf4 Ke2 63.Ke4 Rc8 64.Kd4 Kf3
65.Bf6 Kf4 66.Kd3 Rc5 67.Kd4 Rd5+  0-1

[Event "ch-TUR 2013"]
[Site "Antalya TUR"]
[Date "2013.02.04"]
[Round "4.37"]
[White "Celik,Abbas"]
[Black "Kaban,E"]
[Result "1/2-1/2"]
[WhiteElo "1813"]
[BlackElo "1994"]

1.e4 e6 2.d4 d5 3.Nc3 Bb4 4.e5 Qd7 5.f4 b6 6.Nf3 Ba6 7.Bd3 Bxd3 8.Qxd3 Nh6
9.O-O Nf5 10.Ne2 Be7 11.Ng3 g6 12.Be3 Nc6 13.Nxf5 gxf5 14.c4 Nb4 15.Qe2 dxc4
16.Qxc4 Nd5 17.Bd2 a5 18.Rac1 Rg8 19.Ne1 Rg4 20.Nd3 h5 21.Rf3 Rd8 22.Nf2 Rg6
23.Nd1 c5 24.dxc5 Bxc5+ 25.Kh1 Nf6 26.Be3 Bxe3 27.Nxe3 Ne4 28.Rd1 Qc8 29.Qxc8 Rxc8
30.Kg1 f6 31.exf6 Rxf6 32.Kf1 a4 33.Rh3 Rh6 34.g4 fxg4 35.Nxg4 Rg6 36.Rxh5 Rc2
37.Rh8+ Ke7 38.Rh7+ Ke8 39.Rh8+ Ke7 40.Rh7+ Ke8 41.Rh8+ Ke7  1/2-1/2

[Event "ch-TUR 2013"]
[Site "Antalya TUR"]
[Date "2013.02.08"]
[Round "10.31"]
[White "Eldemir,Goksu"]
[Black "Zor,Alber Kadir"]
[Result "0-1"]
[WhiteElo "1631"]
[BlackElo "1920"]

1.d4 d5 2.Nc3 e6 3.e4 Bb4 4.e5 b6 5.Bd2 Ba6 6.Bxa6 Nxa6 7.Qe2 Qc8 8.Nf3 Ne7
9.O-O Nf5 10.Nd1 Be7 11.Ne3 g6 12.Nxf5 gxf5 13.Bg5 Rg8 14.Bxe7 Kxe7 15.c4 dxc4
16.Qxc4 Qb7 17.d5 Qxd5 18.Qxd5 exd5 19.Rad1 Ke6 20.Nd4+ Kxe5 21.Rfe1+ Kf6
22.Nc6 Rge8 23.b4 Re6 24.b5 Nc5 25.Nd4 Rxe1+ 26.Rxe1 a6 27.Re2 Ne6 28.Nxe6 fxe6
29.Rc2 axb5 30.Rxc7 Rxa2 31.g3 b4  0-1

[Event "e2e4 Brighton Masters 2013"]
[Site "Brighton ENG"]
[Date "2013.02.17"]
[Round "2"]
[White "Whitehead,D"]
[Black "Player,E"]
[Result "0-1"]
[WhiteElo "2055"]
[BlackElo "2248"]

1.e4 e6 2.d4 d5 3.Nc3 Bb4 4.e5 Ne7 5.a3 Bxc3+ 6.bxc3 b6 7.Qg4 Ng6 8.Nf3 Qd7
9.h4 h5 10.Qg3 Ba6 11.Bxa6 Nxa6 12.Ng5 Ne7 13.a4 Nb8 14.Qd3 Nbc6 15.Rh3 Nf5
16.Rf3 Na5 17.Rf4 O-O-O 18.f3 Nc4 19.g4 Nh6 20.Nh3 Qe7 21.g5 Nf5 22.Nf2 Qe8
23.Nd1 Ne7 24.Nb2 Na5 25.Qa6+ Kb8 26.Nd3 Ng6 27.Rb1 Ka8 28.Ba3 Nxf4 29.Nxf4 Qxa4
30.Bb4 Qa2 31.Rb3 Qa1+ 32.Kf2 Nxb3 33.Qb5 Na5 34.g6 Qc1 35.Nh3 Qxc2+ 36.Kg3 Rh6
37.gxf7 Rg6+ 38.Kf4 Qd2+  0-1

[Event "33rd TCh-IND 2013"]
[Site "Hyderabad IND"]
[Date "2013.02.23"]
[Round "5.1"]
[White "Shashaank,D"]
[Black "Sengupta,D"]
[Result "1/2-1/2"]
[WhiteElo "2118"]
[BlackElo "2549"]

1.d4 d5 2.Nc3 e6 3.e4 Bb4 4.e5 Ne7 5.Qg4 c5 6.a3 Bxc3+ 7.bxc3 Qc7 8.Qxg7 Rg8
9.Qxh7 cxd4 10.Ne2 Nbc6 11.f4 Bd7 12.Qd3 dxc3 13.Nxc3 a6 14.Rb1 Nf5 15.g4 Nh4
16.Be2 Na5 17.Qh7 O-O-O 18.Qxh4 Qxc3+ 19.Bd2 Qxa3 20.Qf2 Nc4 21.Qf3 Bc6 22.Qxa3 Nxa3
23.Rb2 d4 24.O-O Bb5 25.Rxb5 Nxb5 26.Kf2 Nc3 27.Bf3 Kb8 28.h4 a5 29.h5 a4
30.h6 a3 31.g5 a2 32.Ra1 Kc7 33.Bxc3 dxc3 34.Rxa2 Rd2+ 35.Ke3 Rh2 36.Ra7 Rb8
37.Be4 Kb6 38.Ra1 Rh3+ 39.Bf3 Rh2 40.Be4 Rh3+ 41.Bf3 Rh2 42.Be4 Rh3+ 43.Kf2 Rd8
44.Kg2 Re3 45.Bd3 Rexd3 46.cxd3 Kc5 47.f5 Kd5 48.g6 Kxe5 49.g7 Kf6 50.fxe6 Kg6
51.e7 Re8 52.d4 Kh7 53.Re1 c2 54.Rc1 Rxe7 55.Rxc2 Re8 56.Rc7 Kxh6 57.Rxf7 Rg8
58.Kf3 Rxg7 59.Rf8 Re7  1/2-1/2